<?xml version="1.0" encoding="UTF-8"?>
<record
    xmlns:xsi="http://www.w3.org/2001/XMLSchema-instance"
    xsi:schemaLocation="http://www.loc.gov/MARC21/slim http://www.loc.gov/standards/marcxml/schema/MARC21slim.xsd"
    xmlns="http://www.loc.gov/MARC21/slim">

  <leader>01404nam a2200265Ia 4500</leader>
  <controlfield tag="005">20231102151526.0</controlfield>
  <controlfield tag="008">121101s1997    mx     f      000 0 spa d</controlfield>
  <datafield tag="020" ind1=" " ind2=" ">
    <subfield code="a">9688808296</subfield>
  </datafield>
  <datafield tag="050" ind1=" " ind2=" ">
    <subfield code="a">HD30.28 M5718 1997</subfield>
  </datafield>
  <datafield tag="100" ind1="1" ind2="0">
    <subfield code="a">Mintzberg, Henry</subfield>
    <subfield code="e">Autor</subfield>
    <subfield code="9">39278</subfield>
  </datafield>
  <datafield tag="240" ind1=" " ind2=" ">
    <subfield code="a">The strategy process, concepts, contexts, cases </subfield>
    <subfield code="l">Espa&#xF1;ol</subfield>
  </datafield>
  <datafield tag="245" ind1="1" ind2="3">
    <subfield code="a">El proceso estrategico </subfield>
    <subfield code="b">: conceptos, contextos y casos</subfield>
    <subfield code="c">/ Henry Mintzberg</subfield>
  </datafield>
  <datafield tag="260" ind1=" " ind2=" ">
    <subfield code="a">Mexico : </subfield>
    <subfield code="b">Pearson</subfield>
    <subfield code="c">1997 </subfield>
  </datafield>
  <datafield tag="300" ind1=" " ind2=" ">
    <subfield code="a">641 p&#xE1;ginas </subfield>
  </datafield>
  <datafield tag="336" ind1=" " ind2=" ">
    <subfield code="a">Texto</subfield>
  </datafield>
  <datafield tag="337" ind1=" " ind2=" ">
    <subfield code="a">Sin medio</subfield>
  </datafield>
  <datafield tag="338" ind1=" " ind2=" ">
    <subfield code="a">Volumen</subfield>
  </datafield>
  <datafield tag="500" ind1=" " ind2=" ">
    <subfield code="a">Traduccion de: The strategy process, concepts, contexts, cases </subfield>
  </datafield>
  <datafield tag="505" ind1="1" ind2=" ">
    <subfield code="a">Contenido

Secci&#xF3;n I estrategia
Cap&#xED;tulo 1 el concepto de estrategia
Cap&#xED;tulo 2 el estratega
Cap&#xED;tulo 3 dise&#xF1;o y planificaci&#xF3;n de la estrategia
Cap&#xED;tulo 4 an&#xE1;lisis de estrategia a nivel empresa
Cap&#xED;tulo 5 formaci&#xF3;n de la estrategia

Secci&#xF3;n ii fundamentos de la formaci&#xF3;n de estrategias 

Cap&#xED;tulo 6 administraci&#xF3;n de la estructura y de los sistemas
Cap&#xED;tulo 7 la cultura y la estrategia organizacional
Cap&#xED;tulo 8 el poder y la pol&#xED;tica
</subfield>
  </datafield>
  <datafield tag="519" ind1=" " ind2=" ">
    <subfield code="a">Plan Flexible</subfield>
    <subfield code="b">Maestr&#xED;a Administraci&#xF3;n de Negocios</subfield>
    <subfield code="c">Administraci&#xF3;n estrat&#xE9;gica  (B01-3)</subfield>
    <subfield code="d">(12 003642)</subfield>
  </datafield>
  <datafield tag="650" ind1="1" ind2="4">
    <subfield code="a">PLANIFICACION ESTRATEGICA</subfield>
    <subfield code="x">ESTUDIOS</subfield>
    <subfield code="9">23369</subfield>
  </datafield>
  <datafield tag="700" ind1="1" ind2="0">
    <subfield code="a">Quinn, James Brian</subfield>
    <subfield code="e">Coaut.</subfield>
    <subfield code="9">39279</subfield>
  </datafield>
  <datafield tag="700" ind1="1" ind2="0">
    <subfield code="a">Voyer, John</subfield>
    <subfield code="e">Coaut.</subfield>
    <subfield code="9">39280</subfield>
  </datafield>
  <datafield tag="942" ind1=" " ind2=" ">
    <subfield code="c">LB</subfield>
    <subfield code="2">lcc</subfield>
  </datafield>
  <datafield tag="952" ind1=" " ind2=" ">
    <subfield code="0">0</subfield>
    <subfield code="1">0</subfield>
    <subfield code="2">lcc</subfield>
    <subfield code="4">0</subfield>
    <subfield code="7">0</subfield>
    <subfield code="a">12</subfield>
    <subfield code="b">12</subfield>
    <subfield code="d">2008-11-28</subfield>
    <subfield code="l">0</subfield>
    <subfield code="o">HD30.28 M5718 1997</subfield>
    <subfield code="p">12 003642</subfield>
    <subfield code="r">2015-04-22</subfield>
    <subfield code="t">1</subfield>
    <subfield code="w">2012-11-01</subfield>
    <subfield code="y">LB</subfield>
  </datafield>
  <datafield tag="999" ind1=" " ind2=" ">
    <subfield code="c">88417</subfield>
    <subfield code="d">88417</subfield>
  </datafield>
</record>
